1453 1868 1637 1139 1313 1459 1565 1899 1111 1428 1434 1489 1521 1815 1914 1976 1701 1165 1145 1484 1884 1743 1271 1166 1960 1974 1349 1795 1377 1597 1709 1658 1415 1746 1128 1018 1172 1461 1404 1826 1223 1758 1261 1443 1161 1930 1612 1279 1412 1588 1254 1552 1368 1871 1642 1135 1495 1437 1446 1396 1920 1478 1915 1560 1782 1866 1755 1463 1432 1896 1029 1938 1925 1281 1254 1978 1003 1707 1212 1243 1415 1029 1528 1294 1826 1032 1220 1379 1345 1515 1338 1774 1949 1258 1747 1154 1611 1332 1677 BCNSPRNW ULIB Ver.6.0+V

เปลี่ยนเป็นภาษาไทย

Change to English
 แสดงรายละเอียดบรรณานุกรม
  กลับหน้าหลัก

Brief Record : Get Marc (ISO 2709) : E-mail record : QR code < ปิดหน้าต่าง
LEADER : 00000nam 2200000uu 4500
001    13399113363
003     ULIB
008    111108s2552||||th 000 0 tha d
020    9786115510443
060 04 QY4^bพ256พ 2552
245 00 พยาธิวิทยาคลินิก =^bClinical pathology /^cบรรณาธิการ,พรรธนมณฑน์ อุชชิน ... [และคนอื่นๆ]
246 31 Clinical pathology
250    พิมพ์ครั้งที่ 3
260    กรุงเทพฯ :^bภาควิชาเวชศาสตร์ชันสูตร คณะแพทยศาสตร์จุฬาลงกรณ์มหาวิทยาลัย,^c2552
300    587 หน้า :^bภาพประกอบ ;^c27 ซม.
650  7 พยาธิวิทยาคลินิก
650  7 การวินิจฉัยโรคทางห้องปฏิบัติการ
650  7 เลือด
650  7 โลหิตวิทยา
700 0  พรรธนมณฑน์ อุชชิน,^eบรรณาธิการ
710 2  จุฬาลงกรณ์มหาวิทยาลัย. ^bคณะแพทยศาสตร์.^bภาควิชาเวชศาสตร์ชันสูตร
945    ^p450^l0^i16459
945    ^p450^l0^i16458
995    กัณชพร
999    ^aใช้งานได้ทุกระบบ
รายการนี้ยังไม่มีแท็ก
คุณยังไม่ได้ล็อกอิน คุณสามารถมีกิจกรรมร่วมกับเว็บไซต์ได้ แต่ต้องล็อกอินก่อน ::
  ล็อกอิน

รายการสื่อสารสนเทศ

ลำดับที่ ประเภท เลขเรียก/บาร์โค้ด สถานที่ สถานะ
- ไม่พบข้อมูล -

รายการใกล้เคียง
    หัวเรื่อง [พยาธิวิทยาคลินิก]
    หัวเรื่อง [การวินิจฉัยโรคทางห้องปฏิบัติการ]
    หัวเรื่อง [เลือด]
    หัวเรื่อง [โลหิตวิทยา]

BibComment


ยังไม่เคยถูกคอมเมนท์

คอมเมนท์ทรัพยากรรายการนี้
  คอมเมนท์: พยาธิวิทยาคลินิก ..


 Copyright 2026. Bcnsprnw @Library